Ekonomický výkladový slovník,

Enregistré dans:
Détails bibliographiques
Auteur principal: Fialová, Helena
Autres auteurs: Fiala, Ján
Format: Livre
Langue:tchèque
Publié: Praha A plus 2011
Édition:9. aktualiz. vyd.
Sujets:
Tags: Ajouter un tag
Pas de tags, Soyez le premier à ajouter un tag!

MARC

LEADER 00000nam a2200000 4500
001 0223037
005 20240226105324.6
020 |a 978-80-903804-5-5 
041 0 |a cze 
044 |a CZ 
245 1 0 |a Ekonomický výkladový slovník,  |c Helena Fialová, Ján Fiala 
250 |a 9. aktualiz. vyd. 
264 1 |a Praha  |b A plus  |c 2011 
300 |a 194 s. 
610 2 0 |a ekonómia 
610 2 0 |a teórie ekonomické 
610 2 0 |a hospodárstvo trhové 
610 2 0 |a myslenie ekonomické 
610 2 0 |a pojmy 
100 1 |a Fialová, Helena 
700 1 |a Fiala, Ján